Einubung im Christentum

Αποθηκεύτηκε σε:
Λεπτομέρειες βιβλιογραφικής εγγραφής
Κύριος συγγραφέας: Kierkegaard, Soren 1813-1855
Μορφή: Βιβλίο
Γλώσσα:German
Δημοσίευση: Koln : Eugen Diederichs, [1962]
Θέματα:
Ετικέτες: Προσθήκη ετικέτας
Δεν υπάρχουν, Καταχωρήστε ετικέτα πρώτοι!

MARC

LEADER 00000cam a2200000 i 4500
001 1/29472
008 060515s1962 ger d
035 |l 10083907 
040 |a GR-MY-UA  |b gre  |e aacr 
041 0 |a ger 
082 0 |a 230.01  |2 (22) 
100 1 |a Kierkegaard, Soren  |d 1813-1855. 
245 1 0 |a Einubung im Christentum /  |c Soren Kierkegaard 
260 |a Koln :   |b Eugen Diederichs,   |c [1962] 
300 |a 298 σ.;  |c 21 εκ. 
650 0 0 |a Christianity  |x Philosophy. 
650 0 0 |a Philosophical theology. 
852 |a INST  |b RHODES  |c KRI  |e 20060515  |h  230.01 ΚΙΕ  |p 005400020828  |q 005400020828  |t BK  |y 0 
901 |a BIBL4-2006-2 
909 |a Ρ  |b 123654 
970 |a ΚΟΖΑ  |b ΜΑΡΙΑ  |z 2006/05/15